Instrumental Analysis Manual: Modern experiments for the laboratory

Saved in:
Bibliografiske detaljer
Main Authors: Guilbault, George G (Author), Hargis, Larry G (Author)
Format: Bog
Sprog:engelsk
Udgivet: Nueva York Marcel Dekker 1970
Fag:
Tags: Tilføj Tag
Ingen Tags, Vær først til at tagge denne postø!

MARC

LEADER 00000nam a2200000 a 4500
001 UCH3739
003 CL-VaPUC
008 090813e19700000US |||||||||||||||||eng|d
082 0 4 |a 544  |b GUI  |2 21 
100 0 |a Guilbault, George G  |e author  |9 539209 
700 0 |a Hargis, Larry G  |e author  |9 539210 
245 1 0 |a Instrumental Analysis Manual: Modern experiments for the laboratory 
300 |a 444 p 
942 |c BK 
945 |d 20090813 00:00:00  |a dcastane 
260 |a Nueva York  |b Marcel Dekker  |c 1970 
650 0 |a Química  |9 259896 
650 0 |a Análisis cualitativo   |9 346076 
650 0 |a Ácidos  |9 344389 
650 7 |a COMPUESTOS  |2 CL-VaPUC  |9 357488 
650 7 |a EQUILIBRIOS QUIMICOS  |2 CL-VaPUC  |9 336637 
650 7 |a QUIMICA NUCLEAR  |2 CL-VaPUC  |9 539211 
583 |a last modification  |c 20090813 00:00:00  |k Rodrigo Vera 
999 |c 335172  |d 335170 
952 |0 0  |1 0  |4 0  |6 544_000000000000000_GUI_1970  |7 0  |8 A  |9 424839  |a BIBCUR  |b BIBCUR  |d 2019-11-22  |i 4588304  |o 544 GUI 1970  |p 4588304  |r 2025-04-22  |w 2019-11-22  |y BK  |k BCB